00617nam a22001697a 4500008004100000020001500041040001800056041000800074100003000082245006800112260006100180300003900241504005300280650002000333651004700353651004700400130821s1985 xxua gr eng  a0865318344 aCo-BoUCMbspa00aeng2 aAl-Mashat, Abdul-Monem M.10aNational security in the Third WorldcAbdul-Monem M. Al-Mashat. aBoulder (Colorado, Estados Unidos)bWestview Pressc1985 axvii, 153 páginasbilustraciones aIncluye referencias bibliográficas e índice.04aCiencia militar 7aPaíses desarrolladosxSeguridad nacional 7aPaíses en desarrolloxSeguridad nacional